| 000 | 00610nam a2200157Ia 4500 | ||
|---|---|---|---|
| 005 | 20250319025521.0 | ||
| 008 | 240331s9999 xx 000 0 und d | ||
| 020 | _a0415084601 | ||
| 082 |
_a302.234 _bKUH _23581 |
||
| 100 | _aKuhn, A | ||
| 245 | 4 |
_aThe Power of the Image: _bEssays on Representation and Sexuality |
|
| 260 |
_aNew York; _aLondon, _bRoutledge _c1985 |
||
| 300 | _avi, 146 p., (C II) | ||
| 500 | _aIn this challenging collection of essays Annette Kuhn analyses a wide range of films and still photographs, she explores and develops ideas on culturally dominant images and how they work | ||
| 942 | _cL | ||
| 999 |
_c1170 _d1170 |
||